| 000 | 02287cam a2200517 i 4500 | ||
|---|---|---|---|
| 001 | sjds1255217575 | ||
| 003 | sjds | ||
| 005 | 20230629182041.0 | ||
| 008 | 210605s2021 enka j 000 1 spa d | ||
| 020 | _a1786286378 | ||
| 020 | _a9781786286376 | ||
| 040 |
_aYDX _beng _erda _cYDX _dBDX _dGZD _dOCLCO _dOQX _dOCLCF _dOCLCO _dUAH _dUtOrBLW |
||
| 041 | 1 |
_aspa _heng |
|
| 092 | _a923.92 SPA | ||
| 100 | 1 |
_aSpanyol, Jessica, _eauthor, _eillustrator. |
|
| 245 | 1 | 0 |
_aRosa y el experimento del gran pizza = _bRosa's big pizza experiment _h[Spanish]/ _cJessica Spanyol ; [traduccion de Yanitzia Canetti]. |
| 246 | 3 | 1 | _aRosa's big pizza experiment. |
| 260 |
_aSwindon, UK : _bChild's Play (International) Ltd, _cc2021. |
||
| 264 | 1 |
_aSwindon, UK : _bChild's Play (International) Ltd, _c[2021] |
|
| 264 | 4 | _cc2021. | |
| 300 |
_a1 volume (unpaged) : _bcolor illustrations ; _c21 cm. |
||
| 336 |
_atext _btxt _2rdacontent. |
||
| 336 |
_astill image _bsti _2rdacontent. |
||
| 337 |
_aunmediated _bn _2rdamedia. |
||
| 338 |
_avolume _bnc _2rdacarrier. |
||
| 490 | 1 | _aRosa's workshop. | |
| 500 | _a"STEM"--Cover. | ||
| 520 |
_a℗ŁRosa y sus amigos regresan por m©Łs diversi©đn haciendo expermentos b©Łsicos que abarcan ciencia, tecnolog©Ưa, ingenier©Ưa y habilidades num©♭ricas!-- _cPage 4 of cover. |
||
| 520 |
_a"Rosa and her friends return for more fun, conducting basic experiments involving science, technology, engineering and number skills!"-- _cPage 4 of cover. |
||
| 546 | _aEn espa©łol y en ingl©♭d = In Spanish and English. | ||
| 650 | 0 |
_aPizza _vJuvenile fiction. |
|
| 650 | 0 |
_aCooking _xExperiments _vJuvenile fiction. |
|
| 650 | 0 |
_aCooking _vJuvenile fiction. |
|
| 650 | 0 |
_aFriendship _vJuvenile fiction. |
|
| 650 | 0 | _aBilingual books. | |
| 650 | 7 |
_aBilingual books. _2fast _0(OCoLC)fst00831734. |
|
| 650 | 7 |
_aCooking. _2fast _0(OCoLC)fst01754966. |
|
| 650 | 7 |
_aFriendship. _2fast _0(OCoLC)fst00935174. |
|
| 650 | 7 |
_aPizza. _2fast _0(OCoLC)fst01064969. |
|
| 650 | 7 |
_aFriendships _vJuvenile fiction. _2homoit. |
|
| 655 | 0 |
_aSpanish language materials _xBilingual. |
|
| 655 | 7 |
_aJuvenile works. _2fast _0(OCoLC)fst01411637. |
|
| 700 | 1 |
_aCanetti, Yanitzia, _d1967- _etranslator. |
|
| 800 | 1 |
_aSpanyol, Jessica. _tRosa's workshop. _lSpanish. |
|
| 942 |
_cBK _2ddc |
||
| 999 |
_c28250 _d28250 |
||